000 00809nam a22002777a 4500
003 CHAP
005 20220329141636.0
008 971013s1956 r 00010 d
010 _a71527
011 _a72499
035 _a82054
040 _cCHAP
082 _a627
_bD38Y
100 0 0 _aDavis, Calvin Victor.
_931249
245 _aTratado de hidráulica aplicada
260 _aBarcelona :
_bLabor,
_c1956
300 _a1330 p.
_b: ilus.
590 _aBATCH-UPD
_b10
_c20130110
_lUCH01
_h0810
590 _aBATCH-UPD
_b10
_c20130410
_lUCH01
_h0447
590 _aBATCH-UPD
_b10
_c20130914
_lUCH01
_h1137
590 _aCONVERSION
_b10
_c20130109
_lUCH01
_h1339
650 1 4 _aIngeniería hidráulica.
_958235
901 _aBK
942 _cLIBRO
949 _a627 D38Y
_bBC
_cBPA
_d33724000019980
_eBPA
_h18876
_i82054
_si
999 _c71527
_d71527